[Event "Sabadell op-B 9th"]
[Site "Sabadell"]
[Date "2016.09.07"]
[Round "7"]
[White "Carbo Hors, David"]
[Black "Villa Brullet, David"]
[Result "1-0"]
[WhiteElo "1860"]
[BlackElo "1761"]
[PlyCount "52"]
[EventDate "2016.09.01"]
[EventType "swiss"]
[EventRounds "9"]
[EventCountry "ESP"]
[SourceTitle "CBM 174 Extra"]
[Source "ChessBase"]
[SourceDate "2016.10.10"]
[SourceVersion "1"]
[SourceVersionDate "2016.10.10"]
[SourceQuality "1"]

1. f4 d5 2. Nf3 c5 3. e3 Nf6 4. b3 Nc6 5. Bb2 Bf5 6. Bb5 Qb6 7. Nc3 d4 8. Bxc6+ Qxc6 9. Ne2 dxe3 10. d3 g6 11. 0-0 Bg7 12. Ng3 Bg4 13. Qe1 Bxf3 14. Rxf3 0-0 15. f5 g5 16. Qxe3 h6 17. Qe2 Rae8 18. Raf1 e6 19. Bxf6 Bxf6 20. Ne4 Bd4+ 21. Kh1 exf5 22. Rxf5 Qg6 23. Qg4 f6 24. Nxc5 h5 25. Qf3 g4 26. Qg3 Kh7 1-0

[Event "Sabadell op-B 9th"]
[Site "Sabadell"]
[Date "2016.09.05"]
[Round "5"]
[White "Valarezo Ricard, Pedro"]
[Black "Villa Brullet, David"]
[Result "0-1"]
[WhiteElo "1892"]
[BlackElo "1761"]
[PlyCount "68"]
[EventDate "2016.09.01"]
[EventType "swiss"]
[EventRounds "9"]
[EventCountry "ESP"]
[SourceTitle "CBM 174 Extra"]
[Source "ChessBase"]
[SourceDate "2016.10.10"]
[SourceVersion "1"]
[SourceVersionDate "2016.10.10"]
[SourceQuality "1"]

1. d4 d5 2. Nf3 Nf6 3. c3 Nbd7 4. Bf4 g6 5. Qc1 Nb6 6. Bh6 Bf5 7. Bxf8 Rxf8 8. Nbd2 Qd6 9. Nh4 Be6 10. a4 Qf4 11. g3 Qh6 12. Bg2 g5 13. Nhf3 Bh3 14. 0-0 Bxg2 15. Kxg2 g4 16. Nh4 Nh5 17. Nb3 Qg7 18. Nc5 0-0-0 19. Nf5 Qf6 20. Ne3 Nd7 21. Nxg4 Qg7 22. Nxd7 Rxd7 23. Ne5 Rd6 24. e3 f6 25. Qd1 fxe5 26. Qxh5 Rh6 27. Qxe5 Qg4 28. f3 Qh3+ 29. Kf2 Qxh2+ 30. Ke1 Qxb2 31. Qg7 Qxa1+ 32. Kf2 Qb2+ 33. Ke1 Qc1+ 34. Kf2 Qd2+ 0-1

[Event "Llinars del Valles op-B 7th"]
[Site "Llinars del Valles"]
[Date "2013.06.01"]
[Round "7"]
[White "Villa Brullet, David"]
[Black "Hernandez Martinez, Carlos"]
[Result "1-0"]
[WhiteElo "1755"]
[BlackElo "1678"]
[PlyCount "53"]
[EventDate "2013.04.13"]
[EventType "swiss"]
[EventRounds "7"]
[EventCountry "ESP"]
[SourceTitle "CBM 154 Extra"]
[Source "ChessBase"]
[SourceDate "2013.06.25"]
[SourceVersion "2"]
[SourceVersionDate "2013.06.25"]
[SourceQuality "1"]

1. d4 Nf6 2. c4 e6 3. Nf3 b6 4. Nc3 Bb4 5. e3 Bxc3+ 6. bxc3 Ne4 7. Bd3 Bb7 8. a4 f5 9. Bb2 d6 10. d5 exd5 11. cxd5 0-0 12. c4 Qe7 13. Nd4 Na6 14. Ne6 Rf7 15. Qh5 Nac5 16. Nxc5 dxc5 17. 0-0 g6 18. Qe2 Nd6 19. a5 Rff8 20. axb6 axb6 21. f3 Rfe8 22. e4 fxe4 23. fxe4 Nf7 24. Rxa8 Rxa8 25. e5 Re8 26. e6 Rf8 27. exf7+ 1-0

[Event "Sabadell Colon op 4th"]
[Site "Sabadell"]
[Date "2010.01.29"]
[Round "1.12"]
[White "Villa Brullet, David"]
[Black "Carbo Hors, David"]
[Result "0-1"]
[WhiteElo "1838"]
[BlackElo "1834"]
[PlyCount "92"]
[EventDate "2010.01.29"]
[EventType "swiss"]
[EventRounds "9"]
[EventCountry "ESP"]
[SourceTitle "EXT 2024"]
[Source "ChessBase"]
[SourceDate "2023.10.10"]
[SourceVersion "1"]
[SourceVersionDate "2023.10.10"]
[SourceQuality "1"]

1. d4 f5 2. c4 g6 3. Nf3 Bg7 4. Bf4 Nf6 5. Nc3 0-0 6. e3 d6 7. Be2 Nbd7 8. Qb3 Kh8 9. Rd1 a6 10. Ng5 Nb8 11. c5 d5 12. Bd3 c6 13. Nf3 Nbd7 14. Na4 Nh5 15. Nb6 Nxb6 16. cxb6 Nxf4 17. exf4 Qd6 18. Ne5 Bxe5 19. fxe5 Qe6 20. f4 Qg8 21. 0-0 g5 22. Qa3 Qg7 23. b4 Rg8 24. g3 Bd7 25. Qb2 Qh6 26. Qd2 Rg7 27. fxg5 Rxg5 28. Bxf5 e6 29. Bc2 Rag8 30. Qf2 Qh3 31. Rd3 Be8 32. Rf3 h5 33. Qg2 Qh4 34. Rf6 Qxd4+ 35. Kh1 Bg6 36. Bxg6 R5xg6 37. Rxg6 Rxg6 38. Qf3 Qxe5 39. Qf8+ Kh7 40. Qf7+ Rg7 41. Qf4 Qxf4 42. gxf4 Kg6 43. Kg2 Kf6+ 44. Kf3 Rg4 45. Rf2 Rg1 46. Ke3 Rb1 0-1